000
00357nam a2200133Ia 4500
008
151001s9999||||xx |||||||||||||| ||und||
100
_a
ग दि माडगुळकर
245
_a
थोरली पाती
250
_a
1
260
_b
ललित साहित्य प्रकाशन
260
_c
1963
300
_a
304
365
_b
7
999
_c
953321
_d
953318